00436ntaaa2200157 45000030003000000050017000030080021000200400037000411000027000782450054001052600036001593000011001955000048002069420007002549990017002610120251027203008.00714s1973 ag 01  aAR-BaBNbspacAR-BaBNeaacrdRIC aKeene, Carolyn 930986 aThe clue in the old stagecoach / cCarolyn Keene  aLondon : bSampson Low, cc1963 a160 p. aBAJA PATRIMONIAL POR OBSOLESCENCIA 20180814 cBK c25381d25381